Cliquez sur les pays du monde sur une carte nº5 - Statistiques

Statistiques générales
  • Ce quiz a été pris 43 fois
  • Le résultat moyen est 16 sur 20
Réponses sur la Carte
Les réponses sont colorées sur une échelle allant du rouge au vert en fonction du pourcentage des utilisateurs qui les ont devinées à leur premier essai. Vous pouvez retrouver ces pourcentages ci-dessous.
 
Statistiques - réponses
Réponse % Correct
Afrique du Sud
95%
Autriche
95%
Grèce
95%
Soudan
90%
Équateur
88%
Lituanie
88%
Côte d'Ivoire
85%
Bosnie-Herzégovine
83%
Zimbabwe
83%
Cambodge
80%
Laos
80%
Cameroun
78%
Turkménistan
75%
États Fédérés de Micronésie
73%
Gabon
73%
Kirghizistan
73%
Suriname
70%
Guyana
68%
Lesotho
68%
Vanuatu
63%
Aucun quiz correspondant
Distribution des résultats
% des personnes avec chaque résultat
Percentile par nombre de réponses
Votre historique - résultats
Vous n’avez pas pris ce quiz